| 000 | 00741cam a2200289 4500 | ||
|---|---|---|---|
| 001 | ABS68209 | ||
| 008 | 040913n2004 000 0 eng u | ||
| 035 | _a(Sirsi) u127357 | ||
| 245 | _aFocus: Highlands and islands | ||
| 260 | _c2004 | ||
| 490 |
_aEstates Gazette _v(0432) 7 August 2004, 39-43(5) |
||
| 590 | _aABS | ||
| 590 | _aABS | ||
| 650 | _aCAIRNGORMS | ||
| 650 | _aCAITHNESS | ||
| 650 | _aHIGHLAND PERTHSHIRE | ||
| 650 | _aSUTHERLAND | ||
| 650 | _aNATIONAL PARKS | ||
| 650 | _aNUCLEAR POWER STATIONS | ||
| 650 | _aTOURISM INDUSTRY | ||
| 650 | _aHIGHLANDS | ||
| 650 | _aINDUSTRIAL MARKET | ||
| 650 | _aHOTEL INVESTMENT | ||
| 650 | _aLEISURE INVESTMENT | ||
| 690 | _aCOMMERCIAL PROPERTY-MARKET | ||
| 942 | _n0 | ||
| 999 |
_c117987 _d117987 |
||